书目信息 |
| 题名: |
化学与人类
|
|
| 作者: | Jay A.扬 著 ;刘杨才 , 赵棣华 译 | |
| 分册: | ||
| 出版信息: | 北京 科学技术文献出版社 1982 |
|
| 页数: | 378页 | |
| 开本: | 19cm | |
| 丛书名: | ||
| 单 册: | ||
| 中图分类: | O6-09 | |
| 科图分类: | ||
| 主题词: | 化学--理论 , 化学--方法 | |
| 电子资源: | ||
| ISBN: | ||
| 000 | 00675nam0 2200229 450 | |
| 001 | 0640061702 | |
| 005 | 20061122111239.34 | |
| 010 | @dCNY1.25 | |
| 100 | @a20061122d1982 km y0chiy0120 ea | |
| 101 | 0 | @achi |
| 102 | @aCN@b110000 | |
| 200 | 1 | @a化学与人类@Ahua xue yu ren lei@fJay A.扬著@FJay A.yang zhu@g刘杨才,赵棣华等译@Gliu yang cai,zhao di hua deng yi |
| 210 | @a北京@c科学技术文献出版社@d1982 | |
| 215 | @a378页@d19cm | |
| 606 | 0 | @a化学@x理论 |
| 606 | 0 | @a化学@x方法 |
| 690 | @aO6-09@v3 | |
| 701 | 0 | @aJay A.扬@AJay A.yang@4著 |
| 702 | 0 | @a刘杨才@Aliu yang cai@4译 |
| 702 | 0 | @a赵棣华@Azhao di hua@4译 |
| 801 | 0 | @aCN@bPFT@c20061122 |
| 905 | @a10447@dO6-09@e157 | |
| 化学与人类/Jay A.扬著/刘杨才,赵棣华等译.-北京:科学技术文献出版社,1982 |
| 378页;19cm |
| ISBN :CNY1.25 |
| ● |
| 相关链接 |
|
|
|
|
正题名:化学与人类
索取号:O6-09/157
 
预约/预借
| 序号 | 登录号 | 条形码 | 馆藏地/架位号 | 状态 | 备注 |
| 1 | 0130427 | 202100742 | 第二样本阅览室/ [索取号:O6-09/157] | 在馆 |